00509nam a2200193 a 4500001001300000003000900013005001700022008004100039020001000080082001300090100001800103245005300121260005700174300000800231500003500239505001300274650001000287700001800297nice12345678IN_TiNIC20260116011500.0050524s1938 newa grs 000 0 iwg  ac10000a160bEFR aEfros, Israel aMaimonides Treatise on Logic. English and Hebrew aNew YorkbAmerican Academy for Jewish Researchc1938 a65p aincludes index and biblioraphy2 aarchives aLogic1 aEfros, Israel